Statystyki dla TOP 10 największych ZOO na świecie

Kliknij tutaj aby rozwiązać quiz!

Ogólne statystyki

  • Ten quiz został rozwiązany 37 razy
  • Średni wynik to 8 z 10

Statystyki odpowiedzi

ilość gatunkówPaństwo% Poprawnych
962 gatunkówStany Zjednoczone
94%
800 gatunkówStany Zjednoczone
94%
650 gatunkówStany Zjednoczone
94%
650 gatunkówStany Zjednoczone
94%
1500 gatunkówNiemcy
90%
950 gatunkówChiny
87%
972 gatunkówRosja
87%
460 gatunkówKanada
81%
756 gatunkówWIelka Brytania
74%
700 gatunkówRepublika Południowej Afryki
48%

Rozkład punktacji

Percentyl według liczby udzielonych odpowiedzi

Procent ludzi z każdym wynikiem

Twoja historia wyników

Nie rozwiązałeś tego quizu